000 00598nam a2200241 a 4500
001 nice12345678
003 IN_TiNIC
005 20260116011516.0
008 050524s0000 boma grp 000 0 ara
020 _a
_c100
082 0 0 _a892.73
_bHAM
100 _aHamdani Al, Badiuzzaman
245 _aMuqamat
260 _aBombay
_bNo Publishers
_c0000
300 _a102p
500 _aincludes index and biblioraphy
505 2 _a12 Volumes in Bounded in Six Volumes
650 _aArabic-Literature
700 1 _aHamdani Al, Badiuzzaman
902 _bSRS
942 _cBK
999 _c2160
_d2160